Państwa według ich dawnej nazwy - Statystyki

Ogólne statystyki
  • Ten quiz został rozwiązany 11 495 razy
  • Średni wynik to 9 z 20
Statystyki odpowiedzi
Stara nazwa Aktualna nazwa % Poprawnych
Persja Iran
87%
Birma Mjanma
83%
Macedonia Macedonia Północna
76%
Holenderskie Indie Wschodnie Indonezja
65%
Cejlon Sri Lanka
62%
Gujana Holenderska Surinam
61%
Pakistan Wschodni Bangladesz
59%
Syjam Tajlandia
58%
Zair D. R. Konga
55%
Suazi Eswatini
54%
Bohemia Czechy
53%
Abisynia Etiopia
45%
Honduras Brytyjski Belize
39%
Rodezja Północna Zambia
32%
Rodezja Południowa Zimbabwe
32%
Formoza Tajwan
23%
Nowa Holandia Australia
22%
Złote Wybrzeże Ghana
19%
Niasa Malawi
12%
Nowe Hebrydy Vanuatu
7%
Nie znaleziono quizów pasujących do podanych kryteriów
Rozkład punktacji
Procent ludzi z każdym wynikiem
Percentyl według liczby udzielonych odpowiedzi
Twoja historia wyników
Nie rozwiązałeś tego quizu